8 mots dans mots : olé (mort subite) - Statistiques

Statistiques générales
  • Ce quiz a été pris 13 fois
  • Le résultat moyen est 5 sur 8
Answers on the Grid
Answers color-coded by a green-red scale on the quiz's grid according to % correct below.
grand-guign---sque
musc--- - squelettique
ens---iller
auric--- - cardiaque
dégring---r
indébo---nnable
dépr---tariser
couches-c---ttes
débouss---r
vasc--- - nerveux
interm---culaire
do---ureusement
contr--- - commande
déc---tter
to---usaine
hyperch---stérolémie
 
Statistiques - réponses
Réponse % Correct
débouss---r
91%
grand-guign---sque
91%
dégring---r
82%
ens---iller
73%
contr--- - commande
64%
dépr---tariser
45%
interm---culaire
45%
hyperch---stérolémie
27%
Aucun quiz correspondant
Distribution des résultats
% des personnes avec chaque résultat
Percentile par nombre de réponses
Votre historique - résultats
Vous n’avez pas pris ce quiz